[Event "Montigny le Bretonneux Noel op 18th"]
[Site "Montigny le Bretonneux"]
[Date "2017.12.28"]
[Round "4"]
[White "Verat Fayolle, Celian"]
[Black "Grandjean, Anthony"]
[Result "1-0"]
[WhiteElo "1710"]
[BlackElo "1687"]
[PlyCount "60"]
[EventDate "2017.12.26"]
[EventType "swiss"]
[EventRounds "7"]
[EventCountry "FRA"]
[SourceTitle "CBM 182 Extra"]
[Source "ChessBase"]
[SourceDate "2018.02.23"]
[SourceVersion "1"]
[SourceVersionDate "2018.02.23"]
[SourceQuality "1"]

1. e4 c6 2. c4 g6 3. d4 Bg7 4. Nf3 d6 5. Nc3 Bg4 6. Be2 e6 7. Be3 Ne7 8. Qd2 Nd7 9. 0-0 0-0 10. Bh6 Nb6 11. Bxg7 Kxg7 12. b3 Bxf3 13. Bxf3 d5 14. cxd5 cxd5 15. e5 a6 16. Be2 Rc8 17. Bd3 Nc6 18. Ne2 Nd7 19. Rac1 Qb6 20. Bb1 Rc7 21. h4 Rfc8 22. Kh2 Ne7 23. Rxc7 Rxc7 24. h5 Nf5 25. g4 Nh6 26. Kg3 Rc6 27. Rh1 Ng8 28. hxg6 fxg6 29. Qg5 Qb4 30. Rxh7+ Kxh7 1-0

[Event "Montigny le Bretonneux Noel op 18th"]
[Site "Montigny le Bretonneux"]
[Date "2017.12.27"]
[Round "1"]
[White "Grandjean, Anthony"]
[Black "Jen, Jin Xian Koki"]
[Result "1-0"]
[WhiteElo "1687"]
[BlackElo "1169"]
[PlyCount "77"]
[EventDate "2017.12.26"]
[EventType "swiss"]
[EventRounds "7"]
[EventCountry "FRA"]
[SourceTitle "CBM 182 Extra"]
[Source "ChessBase"]
[SourceDate "2018.02.23"]
[SourceVersion "1"]
[SourceVersionDate "2018.02.23"]
[SourceQuality "1"]

1. e4 e5 2. Nc3 Bb4 3. Bc4 Nf6 4. d3 c6 5. Bd2 Bxc3 6. bxc3 d5 7. exd5 cxd5 8. Bb3 Nc6 9. Nf3 0-0 10. 0-0 Re8 11. Bg5 Be6 12. Re1 h6 13. Bh4 Bg4 14. h3 Bh5 15. g4 g5 16. Bg3 Nxg4 17. hxg4 Bxg4 18. Kg2 e4 19. dxe4 dxe4 20. Qxd8 Raxd8 21. Nh2 Bh5 22. Ba4 f5 23. Bc7 Rc8 24. Bxc6 bxc6 25. Bd6 Rcd8 26. Bc5 a6 27. Nf1 f4 28. Rab1 Bf3+ 29. Kg1 Rd5 30. Ba3 Red8 31. Nh2 Bh5 32. Rxe4 f3 33. Re6 g4 34. Rxh6 Rg5 35. Nf1 Kf7 36. Rxc6 Rdg8 37. Ng3 Bg6 38. Rb7+ Ke8 39. Rc8# 1-0

[Event "Montigny le Bretonneux-C 7th"]
[Site "Montigny le Bretonneux"]
[Date "2008.10.26"]
[Round "2"]
[White "Grandjean, Anthony"]
[Black "Le Port, Luc"]
[Result "1-0"]
[WhiteElo "1635"]
[BlackElo "1614"]
[PlyCount "115"]
[EventDate "2008.10.25"]
[EventType "tourn"]
[EventRounds "7"]
[EventCountry "FRA"]
[SourceTitle "EXT 2010"]
[Source "ChessBase"]
[SourceDate "2010.11.25"]
[SourceVersion "1"]
[SourceVersionDate "2010.11.25"]
[SourceQuality "1"]

1. e4 e6 2. d4 d5 3. exd5 exd5 4. Bd3 Nc6 5. c3 Nf6 6. Nf3 Bd6 7. 0-0 0-0 8. Qc2 Bg4 9. Ng5 h6 10. Nh7 Nxh7 11. Bxh7+ Kh8 12. f3 Be6 13. Re1 Qh4 14. g3 Bxg3 15. Re2 Bf4 16. Bxf4 Qxf4 17. Bd3 Qxf3 18. Nd2 Qh3 19. Rg2 Ne7 20. Rg3 Qh5 21. Re1 Rae8 22. Re5 Nf5 23. Bxf5 Bxf5 24. Qxf5 Rxe5 25. Qxe5 Qd1+ 26. Nf1 Rg8 27. Qxd5 c6 28. Qxf7 Qa4 29. Rh3 Qb5 30. Qg6 Qxb2 31. Qg2 Qb1 32. Rf3 a6 33. Qf2 Kh7 34. Rf7 Kh8 35. Kg2 Qe4+ 36. Kg1 Qb1 37. Rf8 Qg6+ 38. Ng3 Qb1+ 39. Kg2 Qg6 40. Qf7 Qc2+ 41. Kh3 Rxf8 42. Qxf8+ Kh7 43. Qf5+ Qxf5+ 44. Nxf5 Kg6 45. Kg4 Kf6 46. Nd6 b6 47. Nc4 b5 48. Na5 c5 49. dxc5 g6 50. Kf4 Ke6 51. Ke4 g5 52. Nb3 h5 53. Nd4+ Kd7 54. Kf5 a5 55. Kxg5 b4 56. cxb4 axb4 57. Kxh5 Kc7 58. Kg4 1-0

[Event "Montigny le Bretonneux-C 7th"]
[Site "Montigny le Bretonneux"]
[Date "2008.10.25"]
[Round "1"]
[White "Grandjean, Anthony"]
[Black "Dubost, Florian"]
[Result "1-0"]
[WhiteElo "1635"]
[BlackElo "1650"]
[PlyCount "85"]
[EventDate "2008.10.25"]
[EventType "tourn"]
[EventRounds "7"]
[EventCountry "FRA"]
[SourceTitle "EXT 2010"]
[Source "ChessBase"]
[SourceDate "2010.11.25"]
[SourceVersion "1"]
[SourceVersionDate "2010.11.25"]
[SourceQuality "1"]

1. e4 e5 2. Nc3 Nf6 3. Bc4 Bc5 4. d3 0-0 5. Bg5 d6 6. Nf3 Bg4 7. Nd5 Nbd7 8. h3 Be6 9. 0-0 c6 10. Ne3 Bxe3 11. fxe3 Bxc4 12. dxc4 Qb6 13. Qxd6 Nxe4 14. Qxd7 Nxg5 15. Nxg5 Qxe3+ 16. Kh1 Qxg5 17. Qxb7 Qg6 18. Rf2 Qe6 19. b3 e4 20. Rd1 Rad8 21. Rxd8 Rxd8 22. Qxa7 e3 23. Re2 h6 24. Qxe3 Rd1+ 25. Kh2 Qxe3 26. Rxe3 Rd2 27. Rc3 Kf8 28. b4 Ke7 29. a4 Re2 30. b5 Kd7 31. b6 Kc8 32. c5 Kb7 33. a5 Ka6 34. Rb3 Re7 35. Kg3 Rb7 36. c4 f6 37. Kf4 g6 38. Rd3 Kxa5 39. Rd6 Kb4 40. Rxc6 Kxc4 41. Rc7 Rb8 42. b7 Kb5 43. c6 1-0

[Event "FRA-ch op-C"]
[Site "Pau"]
[Date "2008.08.20"]
[Round "8"]
[White "Masset, Jacques"]
[Black "Grandjean, Anthony"]
[Result "0-1"]
[WhiteElo "1752"]
[BlackElo "1606"]
[PlyCount "30"]
[EventDate "2008.08.11"]
[EventType "swiss"]
[EventRounds "9"]
[EventCountry "FRA"]
[SourceTitle "CBM 126 Extra"]
[Source "ChessBase"]
[SourceDate "2008.11.05"]
[SourceVersion "1"]
[SourceVersionDate "2008.11.05"]
[SourceQuality "1"]

1. d4 Nf6 2. c4 c6 3. Nc3 d6 4. Nf3 g6 5. Bg5 Bg7 6. e4 Qa5 7. Bd3 Bg4 8. Bd2 Nbd7 9. h3 Qh5 10. Be2 0-0 11. Qb3 b5 12. 0-0-0 bxc4 13. Qxc4 Bxf3 14. Bxf3 Qa5 15. Nd5 cxd5 0-1

[Event "Elancourt op 10th"]
[Site "Elancourt"]
[Date "2007.04.21"]
[Round "9"]
[White "Grandjean, Anthony"]
[Black "Duval, Dominique"]
[Result "1/2-1/2"]
[WhiteElo "1588"]
[BlackElo "1854"]
[PlyCount "35"]
[EventDate "2007.04.14"]
[EventType "swiss"]
[EventRounds "9"]
[EventCountry "FRA"]
[SourceTitle "CBM 118 Extra"]
[Source "ChessBase"]
[SourceDate "2007.07.04"]
[SourceVersion "1"]
[SourceVersionDate "2007.07.04"]
[SourceQuality "1"]

1. c4 Nf6 2. Nc3 e6 3. e3 b6 4. Nf3 Nc6 5. g3 Bb7 6. Bg2 Na5 7. b3 Bb4 8. Bb2 a6 9. 0-0 0-0 10. d4 Be7 11. Qe2 d5 12. cxd5 exd5 13. Rac1 Re8 14. Rc2 Nc6 15. Rfc1 Nb4 16. Rd2 Rc8 17. a3 Nc6 18. Ne5 1/2-1/2

[Event "Elancourt op 10th"]
[Site "Elancourt"]
[Date "2007.04.15"]
[Round "2"]
[White "Grandjean, Anthony"]
[Black "Branson, James"]
[Result "0-1"]
[WhiteElo "1588"]
[BlackElo "1838"]
[PlyCount "56"]
[EventDate "2007.04.14"]
[EventType "swiss"]
[EventRounds "9"]
[EventCountry "FRA"]
[SourceTitle "CBM 118 Extra"]
[Source "ChessBase"]
[SourceDate "2007.07.04"]
[SourceVersion "1"]
[SourceVersionDate "2007.07.04"]
[SourceQuality "1"]

1. c4 e5 2. Nc3 Nc6 3. g3 Bc5 4. Bg2 a6 5. e3 Nf6 6. Nge2 Qe7 7. 0-0 d6 8. b3 h5 9. d4 Ba7 10. Bb2 h4 11. Qc2 Ng4 12. Bxc6+ bxc6 13. Qe4 Bd7 14. dxe5 dxe5 15. Nd1 f5 16. Qc2 Nxh2 17. Kg2 hxg3 18. Rh1 Qh4 19. Ng1 gxf2 20. Qxf2 Qe4+ 21. Nf3 0-0-0 22. Rxh2 Rxh2+ 23. Kxh2 Rh8+ 24. Kg2 f4 25. Nc3 Qg6+ 26. Kf1 Rh1+ 27. Ke2 Qc2+ 28. Nd2 Bg4+ 0-1

[Event "Montigny le Bretonneux op 5th"]
[Site "Montigny le Bretonneux"]
[Date "2006.11.04"]
[Round "8.3"]
[White "Grandjean, Anthony"]
[Black "De Luise, Anthony"]
[Result "1-0"]
[WhiteElo "1528"]
[BlackElo "1200"]
[PlyCount "125"]
[EventDate "2006.10.28"]
[EventType "swiss"]
[EventRounds "9"]
[EventCountry "FRA"]
[SourceTitle "EXT 2007"]
[Source "ChessBase"]
[SourceDate "2006.11.23"]
[SourceVersion "1"]
[SourceVersionDate "2006.11.23"]
[SourceQuality "1"]

1. e4 e5 2. Nf3 Nf6 3. Nc3 Bb4 4. d3 Nc6 5. Bd2 0-0 6. a3 Ba5 7. Ne2 Bxd2+ 8. Qxd2 d6 9. Ng3 Bd7 10. Be2 Re8 11. h4 d5 12. 0-0-0 dxe4 13. Nxe4 Bg4 14. Ng1 Bxe2 15. Nxe2 Nxe4 16. dxe4 Qxd2+ 17. Rxd2 Rad8 18. Rhd1 f6 19. Nc3 Rxd2 20. Rxd2 a6 21. a4 Rd8 22. Rd5 Kf7 23. Rxd8 Nxd8 24. Nd5 c6 25. Nb4 Kg6 26. Kd2 Kh5 27. g3 Kg4 28. Ke3 Kh3 29. Nd3 Nf7 30. Nc5 Nd6 31. Ne6 Nc4+ 32. Kf3 Nxb2 33. Nxg7 Nxa4 34. Nh5 Nb6 35. Nxf6 a5 36. Nxh7 a4 37. Ng5+ Kh2 38. h5 a3 39. h6 a2 40. h7 a1Q 41. h8Q+ Kg1 42. Kg4 Qd1+ 43. Nf3+ Kf1 44. Qh1+ Ke2 45. Qxd1+ Kxd1 46. Nxe5 Kxc2 47. f4 Nc8 48. Ng6 Nd6 49. e5 Ne8 50. f5 b5 51. f6 Nxf6+ 52. exf6 b4 53. f7 b3 54. f8Q b2 55. Qc5+ Kd3 56. Qb4 Kc2 57. Qc4+ Kd2 58. Qb3 Kc1 59. Qc3+ Kb1 60. Qxc6 Ka2 61. Qa4+ Kb1 62. Nf4 Kc1 63. Nd3+ 1-0

[Event "Montigny le Bretonneux op 5th"]
[Site "Montigny le Bretonneux"]
[Date "2006.10.31"]
[Round "4.5"]
[White "Grandjean, Anthony"]
[Black "Holin, Dimitri"]
[Result "1-0"]
[WhiteElo "1528"]
[BlackElo "1050"]
[PlyCount "27"]
[EventDate "2006.10.28"]
[EventType "swiss"]
[EventRounds "9"]
[EventCountry "FRA"]
[SourceTitle "EXT 2007"]
[Source "ChessBase"]
[SourceDate "2006.11.23"]
[SourceVersion "1"]
[SourceVersionDate "2006.11.23"]
[SourceQuality "1"]

1. c4 e5 2. Nc3 Nf6 3. g3 Nc6 4. Bg2 d6 5. e3 Bg4 6. Nge2 Qd7 7. 0-0 0-0-0 8. Qa4 Ne7 9. Qxa7 Qe8 10. Qxb7+ Kd7 11. Nb5 Ra8 12. Qxc7+ Ke6 13. e4 Rc8 14. Qxd6# 1-0

[Event "Montigny le Bretonneux op 5th"]
[Site "Montigny le Bretonneux"]
[Date "2006.10.28"]
[Round "1.2"]
[White "Grandjean, Anthony"]
[Black "Jouve, Pascal"]
[Result "1-0"]
[WhiteElo "1528"]
[BlackElo "1450"]
[PlyCount "83"]
[EventDate "2006.10.28"]
[EventType "swiss"]
[EventRounds "9"]
[EventCountry "FRA"]
[SourceTitle "EXT 2007"]
[Source "ChessBase"]
[SourceDate "2006.11.23"]
[SourceVersion "1"]
[SourceVersionDate "2006.11.23"]
[SourceQuality "1"]

1. e4 e5 2. Nf3 Nc6 3. d4 exd4 4. Nxd4 Nf6 5. Bg5 Be7 6. Nxc6 bxc6 7. Qd3 0-0 8. Nc3 d6 9. Be2 Rb8 10. Rb1 Re8 11. 0-0 Nd7 12. Be3 Ra8 13. f4 Bf6 14. Bf3 Bb7 15. Rfd1 Nb6 16. Bf2 a5 17. Bxb6 cxb6 18. Qxd6 Re6 19. Qxd8+ Rxd8 20. Rxd8+ Bxd8 21. Rd1 Re8 22. e5 Be7 23. Ne4 Rd8 24. Rxd8+ Bxd8 25. Ng3 g6 26. Ne2 Bc7 27. a3 Kf8 28. b4 axb4 29. axb4 b5 30. Nd4 Bb6 31. c3 Bxd4+ 32. cxd4 Ke7 33. Be4 Ke6 34. Kf2 f6 35. Ke3 fxe5 36. fxe5 Kf7 37. Kf4 h6 38. h4 Ba8 39. g4 Kg7 40. g5 h5 41. e6 Bb7 42. Ke5 1-0

[Event "Elancourt op"]
[Site "Elancourt"]
[Date "2006.04.21"]
[Round "7"]
[White "Ferriere, Patrick"]
[Black "Grandjean, Anthony"]
[Result "0-1"]
[WhiteElo "1660"]
[BlackElo "1670"]
[PlyCount "68"]
[EventDate "2006.04.16"]
[EventType "swiss"]
[EventRounds "9"]
[EventCountry "FRA"]
[SourceTitle "CBM 111 Extra"]
[Source "ChessBase"]
[SourceDate "2006.05.09"]
[SourceVersion "1"]
[SourceVersionDate "2006.05.09"]
[SourceQuality "1"]

1. c4 e5 2. Nc3 Nf6 3. g3 Nc6 4. Bg2 Bb4 5. e3 d6 6. Nge2 Be6 7. Nd5 Qd7 8. Nxb4 Nxb4 9. Qb3 c5 10. d3 Bf5 11. e4 Bh3 12. Bxh3 Qxh3 13. Bd2 b6 14. Bxb4 cxb4 15. Qa4+ Ke7 16. Qxb4 Ng4 17. Kd2 Nxf2 18. Rhf1 Qxh2 19. Rae1 Qh6+ 20. Kc3 Qe3 21. Nc1 Nxe4+ 22. Kc2 Qxg3 23. Rxe4 Qg2+ 24. Re2 Qxf1 25. Rxe5+ Kd7 26. Rd5 Qf2+ 27. Kb3 Qf6 28. Ne2 Rhc8 29. Nc3 Rab8 30. Ne4 Qf4 31. Nxd6 Rc5 32. Rxc5 bxc5 33. Qxb8 Qxd6 34. Qxa7+ Qc7 0-1

[Event "Elancourt op"]
[Site "Elancourt"]
[Date "2006.04.18"]
[Round "3"]
[White "Branson, James"]
[Black "Grandjean, Anthony"]
[Result "1-0"]
[WhiteElo "1923"]
[BlackElo "1670"]
[PlyCount "73"]
[EventDate "2006.04.16"]
[EventType "swiss"]
[EventRounds "9"]
[EventCountry "FRA"]
[SourceTitle "CBM 111 Extra"]
[Source "ChessBase"]
[SourceDate "2006.05.09"]
[SourceVersion "1"]
[SourceVersionDate "2006.05.09"]
[SourceQuality "1"]

1. d4 Nf6 2. c4 d5 3. Nc3 e6 4. Bg5 Be7 5. Nf3 h6 6. Bh4 0-0 7. e3 b6 8. Qb3 Ba6 9. Bxf6 Bxf6 10. cxd5 Bxf1 11. Rxf1 exd5 12. Qxd5 Qxd5 13. Nxd5 Bd8 14. Rc1 Na6 15. b4 Rc8 16. b5 Nb8 17. Ne5 f6 18. Nc6 Nxc6 19. Rxc6 Rf7 20. Ke2 Rd7 21. e4 f5 22. f3 fxe4 23. fxe4 Rd6 24. Rfc1 Rd7 25. Kd3 Rf7 26. R1c2 Kh7 27. a4 g5 28. Re6 g4 29. Rcc6 Bg5 30. Nf6+ Bxf6 31. Rxf6 Rxf6 32. Rxf6 Rg8 33. Rf7+ Rg7 34. Rxg7+ Kxg7 35. Ke3 Kf6 36. Kf4 h5 37. g3 1-0

[Event "Elancourt op"]
[Site "Elancourt"]
[Date "2006.04.18"]
[Round "4"]
[White "Grandjean, Anthony"]
[Black "Guillet, Jacques"]
[Result "1-0"]
[WhiteElo "1670"]
[BlackElo "1460"]
[PlyCount "77"]
[EventDate "2006.04.16"]
[EventType "swiss"]
[EventRounds "9"]
[EventCountry "FRA"]
[SourceTitle "CBM 111 Extra"]
[Source "ChessBase"]
[SourceDate "2006.05.09"]
[SourceVersion "1"]
[SourceVersionDate "2006.05.09"]
[SourceQuality "1"]

1. e4 e6 2. d4 d5 3. exd5 exd5 4. Bd3 Nf6 5. Nf3 Be7 6. h3 0-0 7. 0-0 c5 8. c3 Nc6 9. Bc2 Re8 10. Bg5 cxd4 11. Nxd4 Ne4 12. Bxe7 Qxe7 13. Re1 Qd8 14. Nxc6 bxc6 15. Nd2 Bf5 16. Nxe4 Bxe4 17. Bxe4 dxe4 18. Qxd8 Raxd8 19. Re2 f5 20. Rae1 Rd7 21. g4 g6 22. gxf5 gxf5 23. f3 Rde7 24. fxe4 fxe4 25. Re3 Rg7+ 26. Kh2 Rf8 27. R1e2 Rgf7 28. Rg2+ Rg7 29. Rxe4 Rxg2+ 30. Kxg2 Rf7 31. Re8+ Rf8 32. Rxf8+ Kxf8 33. Kf3 Ke7 34. b4 Kd6 35. Ke4 a6 36. a4 c5 37. b5 axb5 38. axb5 h6 39. c4 1-0

[Event "Montigny le Bretonneux-C 4th"]
[Site "Montigny le Bretonneux"]
[Date "2005.10.26"]
[Round "5"]
[White "Bouvier, Clement"]
[Black "Grandjean, Anthony"]
[Result "1/2-1/2"]
[WhiteElo "1550"]
[BlackElo "1680"]
[PlyCount "100"]
[EventDate "2005.10.22"]
[EventType "tourn"]
[EventRounds "9"]
[EventCountry "FRA"]
[SourceTitle "EXT 2008"]
[Source "ChessBase"]
[SourceDate "2007.11.25"]
[SourceVersion "1"]
[SourceVersionDate "2007.11.25"]
[SourceQuality "1"]

1. e4 c6 2. Nf3 d5 3. exd5 cxd5 4. d4 Bg4 5. Nbd2 e6 6. h3 Bh5 7. Be2 Nc6 8. Nb3 Nf6 9. Ne5 Bxe2 10. Nxc6 Bxd1 11. Nxd8 Bxc2 12. Nxb7 Bxb3 13. axb3 Bb4+ 14. Bd2 Bxd2+ 15. Kxd2 0-0 16. Rhc1 Ne4+ 17. Ke2 h6 18. f3 Ng3+ 19. Kd3 Nf5 20. Rc2 f6 21. Re1 Rf7 22. Nc5 Re7 23. Rxe6 Rxe6 24. Nxe6 Re8 25. Nf4 Re3+ 26. Kd2 Rxb3 27. Nxd5 Nxd4 28. Rc4 Ne6 29. Kc2 Rb7 30. Nf4 Kf7 31. Nxe6 Kxe6 32. Kc3 Kd5 33. Rd4+ Ke5 34. Ra4 f5 35. g3 Rc7+ 36. Rc4 Kd6 37. Rxc7 Kxc7 38. Kd4 Kd6 39. Kc4 Kc6 40. Kd4 Kd6 41. Kc4 g5 42. g4 fxg4 43. fxg4 Kc6 44. Kd4 Kb5 45. Kc3 a6 46. b4 Kb6 47. Kc4 Kc6 48. Kd4 Kb5 49. Kc3 Ka4 50. Kc4 Ka3 1/2-1/2

[Event "Montigny le Bretonneux-C 4th"]
[Site "Montigny le Bretonneux"]
[Date "2005.10.25"]
[Round "4"]
[White "Grandjean, Anthony"]
[Black "Rivier, Sylvain"]
[Result "0-1"]
[WhiteElo "1680"]
[BlackElo "1640"]
[PlyCount "120"]
[EventDate "2005.10.22"]
[EventType "tourn"]
[EventRounds "9"]
[EventCountry "FRA"]
[SourceTitle "EXT 2008"]
[Source "ChessBase"]
[SourceDate "2007.11.25"]
[SourceVersion "1"]
[SourceVersionDate "2007.11.25"]
[SourceQuality "1"]

1. e4 e6 2. d4 d5 3. exd5 exd5 4. Bd3 Nf6 5. Nf3 Bd6 6. 0-0 0-0 7. Bg5 c6 8. Qd2 Nbd7 9. Re1 Re8 10. Nc3 Be7 11. Re2 Nf8 12. Rae1 Ne6 13. Bxf6 Bxf6 14. Nd1 Bd7 15. c3 h6 16. Ne3 Nf4 17. Nf5 Nxe2+ 18. Rxe2 Bxf5 19. Bxf5 Rxe2 20. Qxe2 Qe7 21. Qxe7 Bxe7 22. Kf1 Bd6 23. Ke2 Re8+ 24. Kd2 Bf4+ 25. Kd3 g6 26. Bh3 Kg7 27. g3 Bc7 28. a4 a5 29. Nd2 Re1 30. f4 f5 31. Nf3 Re8 32. Ne5 Kf6 33. b3 g5 34. Nd7+ Ke7 35. Ne5 gxf4 36. gxf4 Rg8 37. Bxf5 Rg2 38. h3 Rg3+ 39. Kc2 Rg2+ 40. Kc1 Rf2 41. Bc8 Bxe5 42. fxe5 b6 43. Kd1 c5 44. dxc5 bxc5 45. e6 Rf3 46. b4 axb4 47. a5 bxc3 48. a6 c2+ 49. Kxc2 Ra3 50. Kb2 Ra5 51. Kb3 h5 52. h4 Kd6 53. Kc3 Ra3+ 54. Kb2 Ra5 55. Kb3 c4+ 56. Kc3 Rc5 57. Bb7 Ra5 58. Kb4 Ra1 59. Kb5 c3 60. Bxd5 c2 0-1

[Event "Montigny le Bretonneux 3rd"]
[Site "Montigny le Bretonneux"]
[Date "2004.10.27"]
[Round "4"]
[White "Miolane, Leo"]
[Black "Grandjean, Anthony"]
[Result "1-0"]
[WhiteElo "1560"]
[BlackElo "1460"]
[PlyCount "67"]
[EventDate "2004.10.??"]
[EventType "swiss"]
[EventRounds "9"]
[EventCountry "FRA"]
[SourceTitle "EXT 2006"]
[Source "ChessBase"]
[SourceDate "2005.11.24"]
[SourceVersion "1"]
[SourceVersionDate "2005.11.24"]
[SourceQuality "1"]

1. e4 c6 2. d4 d5 3. e5 Bf5 4. Nf3 e6 5. Be3 Nd7 6. c3 a6 7. Nbd2 c5 8. Rc1 cxd4 9. cxd4 Rc8 10. Nb3 Ne7 11. Bd3 Bxd3 12. Qxd3 Rxc1+ 13. Bxc1 Nc6 14. a3 Be7 15. 0-0 0-0 16. Rd1 f6 17. exf6 Bxf6 18. Be3 e5 19. dxe5 Ndxe5 20. Nxe5 Bxe5 21. Nc5 Ne7 22. Ne6 Qb8 23. Nxf8 Kxf8 24. Qxh7 Bxb2 25. Qh8+ Ng8 26. Bc5+ Kf7 27. Qh5+ Kf6 28. Qxd5 Qe5 29. Bd4 Bxd4 30. Qxd4 Qxd4 31. Rxd4 Ke6 32. Rb4 b5 33. a4 a5 34. Rxb5 1-0

[Event "Montigny le Bretonneux 3rd"]
[Site "Montigny le Bretonneux"]
[Date "2004.10.24"]
[Round "1"]
[White "Blasco, Robert"]
[Black "Grandjean, Anthony"]
[Result "0-1"]
[WhiteElo "1410"]
[BlackElo "1460"]
[PlyCount "136"]
[EventDate "2004.10.??"]
[EventType "swiss"]
[EventRounds "9"]
[EventCountry "FRA"]
[SourceTitle "EXT 2006"]
[Source "ChessBase"]
[SourceDate "2005.11.24"]
[SourceVersion "1"]
[SourceVersionDate "2005.11.24"]
[SourceQuality "1"]

1. e4 c6 2. d4 d5 3. e5 Bf5 4. Nf3 e6 5. Nbd2 c5 6. c3 cxd4 7. cxd4 Nc6 8. Bb5 Qb6 9. Bxc6+ bxc6 10. Qb3 Qxb3 11. Nxb3 Bb4+ 12. Bd2 Bxd2+ 13. Nfxd2 Ne7 14. Nc5 0-0 15. 0-0 Rfb8 16. b3 Rb4 17. Nf3 Bg4 18. Nd3 Rb6 19. Nc5 Bxf3 20. gxf3 Nf5 21. Rfd1 Rb4 22. a3 Rxd4 23. Rxd4 Nxd4 24. Kg2 a5 25. Ra2 Rb8 26. b4 axb4 27. axb4 g6 28. Rd2 Rxb4 29. Na6 Rc4 30. f4 c5 31. Nxc5 Rxc5 32. Rxd4 Rc4 33. Rxc4 dxc4 34. Kf1 Kg7 35. Ke2 h6 36. Kd2 g5 37. fxg5 hxg5 38. Kc3 Kg6 39. Kxc4 g4 40. Kd4 Kf5 41. Ke3 Kxe5 42. f3 gxf3 43. Kxf3 Kf5 44. h3 Kg5 45. Ke4 Kh4 46. Ke5 Kxh3 47. Kf6 Kg4 48. Kxf7 e5 49. Ke6 e4 50. Kd5 e3 51. Kd4 e2 52. Kc4 e1Q 53. Kd4 Qe2 54. Kd5 Qe3 55. Kc4 Kf4 56. Kd5 Qe4+ 57. Kc5 Kf5 58. Kd6 Qe5+ 59. Kc6 Kf6 60. Kd7 Qe6+ 61. Kc7 Kf7 62. Kb7 Qd6 63. Kc8 Qe7 64. Kb8 Qd7 65. Ka8 Ke6 66. Kb8 Kd6 67. Ka8 Kc6 68. Kb8 Qb7# 0-1

[Event "Montigny le Bretonneux op"]
[Site "Montigny le Bretonneux"]
[Date "2004.05.22"]
[Round "5"]
[White "Grandjean, Anthony"]
[Black "Couronne, Patrice"]
[Result "0-1"]
[WhiteElo "1530"]
[BlackElo "1720"]
[PlyCount "136"]
[EventDate "2004.05.20"]
[EventType "swiss"]
[EventRounds "9"]
[EventCountry "FRA"]
[SourceTitle "EXT 2007"]
[Source "ChessBase"]
[SourceDate "2006.11.23"]
[SourceVersion "1"]
[SourceVersionDate "2006.11.23"]
[SourceQuality "1"]

1. e4 c5 2. Nf3 Nc6 3. Nc3 Nf6 4. b3 d5 5. exd5 Nxd5 6. Bb2 Bg4 7. Be2 Nf6 8. 0-0 e6 9. Bb5 Be7 10. Bxc6+ bxc6 11. h3 Bh5 12. d3 0-0 13. Ne4 Nxe4 14. dxe4 Qb6 15. c4 Rfd8 16. Qe2 a5 17. g4 Bg6 18. Ne5 Bf6 19. Nxg6 Bxb2 20. Qxb2 hxg6 21. Rfd1 Rd4 22. Rxd4 cxd4 23. Rd1 Rd8 24. Rd3 c5 25. e5 Qb4 26. Qe2 a4 27. g5 Qa3 28. Qd2 Rb8 29. b4 Qxb4 30. Qxb4 Rxb4 31. Kf1 Rxc4 32. Rd2 Rc3 33. Rb2 Rxh3 34. Rb8+ Kh7 35. Rb7 Rf3 36. Rc7 Rf5 37. Rxc5 Rxg5 38. Ra5 a3 39. Ke2 f6 40. f4 Rf5 41. Rxa3 Rxf4 42. Rh3+ Kg8 43. exf6 gxf6 44. a4 d3+ 45. Rxd3 Rxa4 46. Rd8+ Kf7 47. Rd7+ Ke8 48. Rg7 g5 49. Kf3 Rd4 50. Rb7 Rd7 51. Rb8+ Kf7 52. Kg4 Kg6 53. Rb6 Rd4+ 54. Kf3 Kf5 55. Ke3 Ke5 56. Rb5+ Rd5 57. Rb4 f5 58. Rb1 f4+ 59. Kf3 Kf5 60. Rb8 g4+ 61. Ke2 Ke4 62. Rg8 g3 63. Rg4 e5 64. Kf1 Kf3 65. Rxf4+ exf4 66. Ke1 Ke3 67. Kf1 f3 68. Ke1 Rd2 0-1

[Event "Montigny le Bretonneux op"]
[Site "Montigny le Bretonneux"]
[Date "2004.05.22"]
[Round "6"]
[White "Privat, Jean Claude"]
[Black "Grandjean, Anthony"]
[Result "1-0"]
[WhiteElo "1700"]
[BlackElo "1530"]
[PlyCount "89"]
[EventDate "2004.05.20"]
[EventType "swiss"]
[EventRounds "9"]
[EventCountry "FRA"]
[SourceTitle "EXT 2007"]
[Source "ChessBase"]
[SourceDate "2006.11.23"]
[SourceVersion "1"]
[SourceVersionDate "2006.11.23"]
[SourceQuality "1"]

1. d4 Nf6 2. c4 d5 3. Nc3 c6 4. Nf3 Bg4 5. Ne5 Nbd7 6. Nxg4 Nxg4 7. cxd5 cxd5 8. e4 Ngf6 9. e5 Ne4 10. Nxe4 dxe4 11. Be3 f5 12. e6 Qa5+ 13. Bd2 Qb6 14. exd7+ Kxd7 15. Qa4+ Ke6 16. Bc4+ Kf6 17. Bc3 e6 18. d5+ e5 19. Qd7 Rd8 20. Qe6+ Qxe6 21. dxe6 Bc5 22. Ke2 Bd4 23. Bxd4 exd4 24. Rhd1 f4 25. Rac1 g5 26. Bb3 g4 27. Rc7 d3+ 28. Ke1 e3 29. fxe3 fxe3 30. Rd7 Rxd7 31. exd7 d2+ 32. Ke2 Ke7 33. Kxe3 Kxd7 34. Rxd2+ Kc7 35. Kf4 h5 36. Kg5 a6 37. Bf7 h4 38. Kxg4 h3 39. g3 Rh7 40. Bh5 Kc6 41. Kg5 Re7 42. Bg4 Rh7 43. Kg6 Rh8 44. Kg7 Re8 45. Bd7+ 1-0

[Event "Montigny le Bretonneux op"]
[Site "Montigny le Bretonneux"]
[Date "2004.05.20"]
[Round "2"]
[White "Blasco, Robert"]
[Black "Grandjean, Anthony"]
[Result "0-1"]
[WhiteElo "1280"]
[BlackElo "1530"]
[PlyCount "80"]
[EventDate "2004.05.20"]
[EventType "swiss"]
[EventRounds "9"]
[EventCountry "FRA"]
[SourceTitle "EXT 2007"]
[Source "ChessBase"]
[SourceDate "2006.11.23"]
[SourceVersion "1"]
[SourceVersionDate "2006.11.23"]
[SourceQuality "1"]

1. e4 e5 2. Nf3 Nc6 3. Nc3 Nf6 4. d4 exd4 5. Nxd4 Nxd4 6. Qxd4 d6 7. Bb5+ Bd7 8. 0-0 Be7 9. Re1 0-0 10. Bxd7 Nxd7 11. Bf4 Bf6 12. Qe3 Re8 13. Qg3 Ne5 14. Nd5 c6 15. Nxf6+ Qxf6 16. Bg5 Qg6 17. f4 h6 18. f5 Qxg5 19. Qxg5 hxg5 20. Re3 Nc4 21. Rg3 Rxe4 22. Rxg5 f6 23. Rg3 Re2 24. h4 Rxc2 25. h5 Kf7 26. b3 Nb6 27. Re1 Rxa2 28. Re6 Rd2 29. Rg6 Rh8 30. h6 Rxh6 31. Rxh6 gxh6 32. Re3 Rd5 33. Rf3 Nc8 34. g4 Rd4 35. Rg3 c5 36. Kf2 b5 37. Ke3 a5 38. Rg2 Rb4 39. Rh2 Rxb3+ 40. Kd2 Rb2+ 0-1